| 000 | 00000nam##2200000za#4500 |
| 001 | 9.603986 |
| 003 | CaOODSP |
| 005 | 20210624211340 |
| 007 | cr ||||||||||| |
| 008 | 150406|1991||||xxc|||||o f|0| 0 fre|d |
| 022 | |a1488-545X |
| 040 | |aCaOODSP|bfre |
| 043 | |an-cn--- |
| 086 | 1 |aFs97-6/1792F-PDF |
| 110 | 1 |aCanada.|bMinistère des pêches et des océans.|bRégion du Québec.|bDirection régionale de la gestion des pêches. |
| 245 | 10|aÉtat de la contamination en BPC dans les sédiments et les buccins (Buccinum undatum) de la Baie-des-Anglais (Côte-Nord du golfe Saint-Laurent) / |h[ressource électronique]|cpar B. Langlet ... [et al.]. |
| 260 | |aQuébec - Québec : |bPêches et Océans Canada. |cMars 1991. |
| 300 | |a46p.|bcartes, références, tableaux |
| 490 | 1 |aRapport technique canadien des sciences halieutiques et aquatiques|x1488-545X|vN° 1792 |
| 500 | |aLe n° de catalogue (FS6/1792F) et l'ISSN (0706-6570) copiés dans cette édition électronique sont incorrects. |
| 546 | |a(Abstract in English) |
| 590 | |a12-23-Supp|b2012-05-28 |
| 720 | 1 |aLanglet, B. |
| 776 | 0#|tÉtat de la contamination en BPC dans les sédiments et les buccins (Buccinum undatum) de la Baie-des-Anglais (Côte-Nord du golfe Saint-Laurent) / |w(CaOODSP)9.621258 |
| 830 | #0|aRapport technique canadien des sciences halieutiques et aquatiques,|x1488-545X|vN° 1792|w(CaOODSP)9.500867 |
| 856 | 40|ahttp://publications.gc.ca|qPDF|s1.70 Mo|uhttps://publications.gc.ca/collections/collection_2012/mpo-dfo/Fs97-6-1792-fra.pdf|yN° 1792 |